ბათუმის შოთა რუსთაველის სახელმწიფო უნივერსიტეტის ბიბლიოთეკა

სულხან-საბა ორბელიანის ლიტერატურული მოღვაწეობიდან, 1698-1713 წწ. / (ბიბ.ჩანაწერი № 55925)

000 -ლიდერი
ფიქსირებული სიგრძის საკონტროლო ველი 01791nam a2200289Ia 4500
001 - საკონტროლო ნომერი
საკონტროლო ველი 23023
003 - საკონტროლო ნომრის იდენტიფიკატორი
საკონტროლო ველი GE_BSU
005 - ბოლო ოპერაციის თარიღი და დრო
საკონტროლო ველი 20230627121848.0
008 - ფიქსირებული სიგრძის მონაცემთა ელემენტები - ზოგადი ინფორმაცია
ფიქსირებული სიგრძის საკონტროლო ველი 181216s1959||||ge |||||||||||||| ||geo||
040 ## - კატალოგიზაციის წყარო
Transcribing agency GE_BSU
041 ## - ენის კოდი
Language code of text/sound track or separate title geo
080 ## - უნივერსალური ათობითი კლასიფიკაციის ინდექსი
Universal Decimal Classification number 821.353.1(092ორბელიანი, ს.ს.) ლ-80
100 ## - მთავარი ჩანაწერი - პიროვნების სახელი
Personal name ლოლაშვილი, ი.
9 (RLIN) 7349
245 ## - ცნობა სათაურის შესახებ
Title სულხან-საბა ორბელიანის ლიტერატურული მოღვაწეობიდან, 1698-1713 წწ. /
Statement of responsibility, etc ი. ლოლაშვილი ; რედ. კ. კეკელიძე.
264 ## - წარმოების, გამოცემის, დისტრიბუციის და სხვა ცნობები
გამოცემის, წარმოების, დისტრიბუციის... ადგილი თბილისი :
გამოცემის, წარმოების, დისტრიბუციის... სახელწოდება საქ. სსრ მეცნ. აკად. გამ-ბა,
გამოცემის, წარმოების, დისტრიბუციის... თარიღი 1959.
300 ## - ფიზიკური აღწერა
Extent 134 გვ. :
Dimensions 23სმ..
Accompanying material 8 ჩართ. ფურც. ხელნაწ.
500 ## - ზოგადი შენიშვნა
General note გაშლილი თავფურცელი რუსულ ენაზე
504 ## - BIBLIOGRAPHY, ETC. NOTE
Bibliography, etc ბიბლიოგრ. შენიშვნებში
520 ## - SUMMARY, ETC.
Summary, etc გაშლილი თავფურც. რუს. ენ.
653 ## - INDEX TERM--UNCONTROLLED
Uncontrolled term ორბელიანი, სულხან-საბა
653 ## - INDEX TERM--UNCONTROLLED
Uncontrolled term ქართული ლიტერატურის ისტორია და კრიტიკა
653 ## - INDEX TERM--UNCONTROLLED
Uncontrolled term ულხან-საბა ორბელიანის ლიტერატურული მოღვაწეობიდან, 1698-1713 წწ.
700 ## - ADDED ENTRY--PERSONAL NAME
Personal name კეკელიძე, კ.
Relator term რედაქტორი
9 (RLIN) 3519
710 ## - ADDED ENTRY--CORPORATE NAME
Corporate name or jurisdiction name as entry element საქარტველოს სსრ მეცნიერება აკადემია
Subordinate unit ქართული ლიტერატურის ინსტიტუტი
9 (RLIN) 18998
942 ## - ADDED ENTRY ELEMENTS (KOHA)
Koha item type წიგნი
Source of classification or shelving scheme
ეგზემპლარები
ჩამოწერის სტატუსი დაკარგული ეგზემპლარის სტატუსი კლასიფიკაციის წყარო ან თაროზე გაწყობის სქემა დაზიანების სტატუსი არ გაიცემა მუდმივი მდებარეობა (დაცვის ადგილი) ამჟამინდელი ადგილსამყოფელი თაროზე განთავსების ადგილი შეძენის თარიღი ღირებულება, შესყიდვის ნორმალური ფასი სრული შენახვის შიფრი შტრიხკოდი ბოლო ოპერაციის თარიღი ეგზემპლარის მიმდევრობითი ნომერი (კეტერი?) ფასის ძალაში შესვლის თარიღი ეგზემპლარის სახეობა საჯარო შენიშვნა
          ბათუმის შოთა რუსთაველის სახელმწიფო უნივერსიტეტის მთავარი ბიბლიოთეკა ბათუმის შოთა რუსთაველის სახელმწიფო უნივერსიტეტის მთავარი ბიბლიოთეკა წიგნსაცავი 2018-12-17 6.40 821.353.1(092ორბელიანი, ს.ს.) ლ-80 58446 2018-12-17 58446 2018-12-17 წიგნი 6.40 ₾.